|
|
|
|
| LEADER |
00000nam0a2200000 4500 |
| 001 |
131342 |
| 005 |
20231101220311.0 |
| 035 |
|
|
|a (RuTPU)RU\TPU\book\142259
|
| 090 |
|
|
|a 131342
|
| 100 |
|
|
|a 20080215d1989 k y0rusy50 ca
|
| 101 |
0 |
|
|a rus
|
| 102 |
|
|
|a UZ
|
| 105 |
|
|
|a a z 001zy
|
| 200 |
1 |
|
|a Исследование состава и свойств синтетических и природных соединений
|e сборник научных трудов
|f Самаркандский государственный университет (СамГУ)
|
| 210 |
|
|
|a Самарканд
|c [Б. и.]
|d 1989
|
| 215 |
|
|
|a 60 с.
|c ил.
|
| 320 |
|
|
|a Библиография в конце статей
|
| 606 |
|
|
|a Природные соединения
|x Химия
|2 stltpush
|3 (RuTPU)RU\TPU\subj\51710
|9 70276
|
| 610 |
1 |
|
|a исследование
|
| 610 |
1 |
|
|a состав
|
| 610 |
1 |
|
|a свойства
|
| 610 |
1 |
|
|a синтетические соединения
|
| 610 |
1 |
|
|a сборники
|
| 675 |
|
|
|a 547.9
|v 3
|
| 712 |
0 |
2 |
|a Самаркандский государственный университет (СамГУ)
|2 stltpush
|3 (RuTPU)RU\TPU\col\13607
|
| 801 |
|
1 |
|a RU
|b 63413507
|c 20080215
|g PSBO
|
| 801 |
|
2 |
|a RU
|b 63413507
|c 20180418
|g PSBO
|
| 942 |
|
|
|c BK
|